| 000 | 00399nam a22001457a 4500 | ||
|---|---|---|---|
| 005 | 20200612105729.0 | ||
| 008 | 200612b xxu||||| |||| 00| 0 eng d | ||
| 082 | _a345.4 AIR | ||
| 110 |
_aALL INDIA REPORTER _96012 |
||
| 245 | _aALL INDIA REPORTER [2002] [VOL-89] SUPREME COURT SECTION | ||
| 260 |
_aBOMBAY _bALL INDIA REPORTER, PVT. LTD. |
||
| 300 | _a2272;p | ||
| 650 |
_aLAW _95701 |
||
| 942 | _cJRL | ||
| 999 |
_c7071 _d7069 |
||